Intermediate Accounting (Record no. 1407)

MARC details
005 - DATE AND TIME OF LATEST TRANSACTION
control field 20250414153557.0
020 ## - INTERNATIONAL STANDARD BOOK NUMBER
International Standard Book Number 0-256-03195-9
082 ## - DEWEY DECIMAL CLASSIFICATION NUMBER
Classification number 657.044 MIL
100 ## - MAIN ENTRY--PERSONAL NAME
Author name MILLER, P. B. W.
245 ## - TITLE STATEMENT
Title Intermediate Accounting
250 ## - EDITION STATEMENT
Edition statement 2nd Ed.
260 ## - PUBLICATION, DISTRIBUTION, ETC.
Place of publication, distribution, etc. Illinois,
Name of publisher, distributor, etc. Irwin,
Date of publication, distribution, etc. 1985.
300 ## - PHYSICAL DESCRIPTION
Extent xxiv, 1336p.: ill,; table
Other physical details Index.
Dimensions 24cm.
700 ## - ADDED ENTRY--PERSONAL NAME
Other authors/Editors SEARFOSS, D. G & SMITH, K. A.
942 ## - ADDED ENTRY ELEMENTS (KOHA)
Source of classification or shelving scheme Dewey Decimal Classification
Koha item type Books
Holdings
Date last seen Total checkouts Full call number Barcode Cost, replacement price Price effective from Koha item type Lost status Source of classification or shelving scheme Damaged status Not for loan Withdrawn status Home library Current library Shelving location Date acquired Cost, normal purchase price
06/28/2025   657.044 MIL DOM0001940 90000.00 06/28/2025 Books   Dewey Decimal Classification       CBE Dodoma CBE Dodoma General Collection 12/13/1988 30000.00
04/14/2025   657.044 MIL 00000053401 90000.00 04/14/2025 Books   Dewey Decimal Classification       College of Business Education Main Library College of Business Education Main Library General Collection 04/14/2025 30000.00
04/14/2025   657.044 MIL 00000053402 90000.00 04/14/2025 Books   Dewey Decimal Classification       College of Business Education Main Library College of Business Education Main Library General Collection 04/14/2025 30000.00
04/14/2025   657.044 MIL 00000053403 90000.00 04/14/2025 Books   Dewey Decimal Classification       College of Business Education Main Library College of Business Education Main Library General Collection 04/14/2025 30000.00